[Event "SR 3. liga A2 2013/2014"]
[Site "?"]
[Date "2013.12.15"]
[Round "5.6"]
[White "Abel, Peter"]
[Black "Kapusta, Petr"]
[Result "0-1"]
[WhiteElo "2188"]
[BlackElo "2139"]
[PlyCount "88"]
[EventDate "2013.??.??"]

1. c4 Nf6 2. Nc3 g6 3. g3 Bg7 4. Bg2 O-O 5. Nf3 d6 6. d4 a6 7. O-O Nc6 8. Re1
Rb8 9. d5 Na5 10. Qd3 c5 11. dxc6 Nxc6 12. e4 Ng4 13. Bf4 Qb6 14. Re2 Be6 15.
Nd5 Bxd5 16. cxd5 Nd4 17. Rd2 Nxf3+ 18. Bxf3 Ne5 19. Bxe5 Bxe5 20. Bg4 h5 21.
Bh3 Kg7 22. Kh1 h4 23. f4 Bf6 24. g4 g5 25. Qf3 Rbc8 26. Qe2 Bd4 27. fxg5 Be3
28. Rc2 Bxg5 29. Rf1 Qd4 30. Bg2 f6 31. b3 Rc3 32. Rxc3 Qxc3 33. Qf3 Rc8 34. a4
Qb2 35. Rf2 Rc1+ 36. Bf1 Qb1 37. Kg2 Qa1 38. Bc4 Rc3 39. Bd3 Rxb3 40. Qe2 Qd4
41. Bc2 h3+ 42. Kh1 Re3 43. Qf1 Rc3 44. Qe2 Rxc2 0-1

[Event "SR 3. liga A2 2013/2014"]
[Site "?"]
[Date "2013.12.15"]
[Round "5.6"]
[White "Hudacek, Josef"]
[Black "Mihalik, Marek"]
[Result "1-0"]
[WhiteElo "2040"]
[BlackElo "2031"]
[PlyCount "81"]
[EventDate "2013.??.??"]

1. e4 c5 2. Ne2 d6 3. g3 Nc6 4. Bg2 g6 5. c3 Bg7 6. O-O e6 7. d3 Nge7 8. Nd2
O-O 9. f4 Rb8 10. a4 a6 11. h3 b5 12. axb5 axb5 13. Nf3 b4 14. d4 bxc3 15. bxc3
cxd4 16. cxd4 d5 17. e5 Qb6 18. Ba3 Ba6 19. Bc5 Bxe2 20. Qxe2 Qb2 21. Ra2 Qxe2
22. Rxe2 Rb3 23. g4 Rfb8 24. Ref2 Rb1 25. Ne1 Bh6 26. Nc2 Rxf1+ 27. Bxf1 Rb2
28. Bd3 Rb3 29. Bf1 Rc3 30. Na3 Nc8 31. Nb5 Rg3+ 32. Kh2 Rb3 33. f5 Bf8 34.
Bxf8 Kxf8 35. fxe6 f5 36. exf6 Re3 37. e7+ Kf7 38. Bg2 Nb4 39. Nc7 Nxe7 40.
fxe7+ Kxe7 41. Nxd5+ 1-0

[Event "SR 3. liga A2 2013/2014"]
[Site "?"]
[Date "2013.12.15"]
[Round "5.6"]
[White "Stepanovic, Branislav"]
[Black "Kubis, Ivan"]
[Result "1-0"]
[WhiteElo "1999"]
[BlackElo "1992"]
[PlyCount "59"]
[EventDate "2013.??.??"]

1. e4 e5 2. Nf3 Nc6 3. Bb5 a6 4. Ba4 Nf6 5. O-O Be7 6. Re1 b5 7. Bb3 O-O 8. a4
Bb7 9. axb5 axb5 10. Rxa8 Bxa8 11. Na3 b4 12. Nc4 d6 13. c3 bxc3 14. bxc3 Nxe4
15. Rxe4 d5 16. Rg4 dxc4 17. Bxc4 Bf6 18. Ba3 Be7 19. Bxe7 Qxe7 20. Qe2 Kh8 21.
Bd5 f5 22. Ra4 Qc5 23. c4 e4 24. Ng5 Rb8 25. h4 Na5 26. Qh5 h6 27. Nf7+ Kh7 28.
Qxf5+ g6 29. Ng5+ hxg5 30. Bg8+ 1-0

[Event "SR 3. liga A2 2013/2014"]
[Site "?"]
[Date "2013.12.15"]
[Round "5.6"]
[White "Vepy, Ivan"]
[Black "Manak, Jozef"]
[Result "1/2-1/2"]
[WhiteElo "1926"]
[BlackElo "1998"]
[PlyCount "141"]
[EventDate "2013.??.??"]

1. e4 c5 2. Nf3 a6 3. Be2 e6 4. O-O Nf6 5. d3 d5 6. exd5 Nxd5 7. c4 Nf6 8. Bg5
Be7 9. Nc3 Nc6 10. Qd2 O-O 11. Rfd1 e5 12. h3 Be6 13. Qe3 Nd7 14. Bxe7 Qxe7 15.
Bf1 f6 16. Rac1 Rfe8 17. Re1 Nd4 18. g3 Rad8 19. Bg2 Nb8 20. Nd5 Bxd5 21. cxd5
Rxd5 22. Nxd4 Rxd4 23. a3 Red8 24. Rc3 b6 25. Rec1 Qd6 26. Bf1 Nd7 27. Qf3 Nf8
28. Qb7 a5 29. Rb3 Rb8 30. Qa6 Ne6 31. Bg2 Qc7 32. Rbc3 Qd7 33. Rb3 Rd6 34. Qc4
b5 35. Qe4 b4 36. axb4 axb4 37. Qc4 Kh8 38. d4 Rxd4 39. Qe2 Rd2 40. Qc4 Qd4 41.
Re3 Qxc4 42. Rxc4 Rd4 43. Rc2 c4 44. Re4 Rc8 45. f4 Rxe4 46. Bxe4 Nd4 47. Rf2
exf4 48. Rd2 Nb3 49. Rc2 c3 50. bxc3 Rxc3 51. gxf4 Rxc2 52. Bxc2 Nd4 53. Bd3 b3
54. Kf2 g6 55. Ke3 Ne6 56. f5 Nc5 57. Bb1 Kg7 58. Kd4 Nb7 59. fxg6 hxg6 60. Kc4
Nd6+ 61. Kxb3 f5 62. Kc3 Kf6 63. Kd4 Kg5 64. Ke5 Nf7+ 65. Ke6 Nh6 66. Bd3 f4
67. h4+ Kh5 68. Ke5 Kxh4 69. Bxg6 f3 70. Kf4 f2 71. Bd3 1/2-1/2

[Event "SR 3. liga A2 2013/2014"]
[Site "?"]
[Date "2013.12.15"]
[Round "5.6"]
[White "Mihalik, Anton"]
[Black "Hrubsa, Marian"]
[Result "1/2-1/2"]
[WhiteElo "1942"]
[BlackElo "1801"]
[PlyCount "145"]
[EventDate "2013.??.??"]

1. c4 e5 2. Nc3 Nf6 3. Nf3 Nc6 4. g3 Bc5 5. e3 e4 6. Ng5 Qe7 7. Bg2 Ne5 8. O-O
Nxc4 9. Ngxe4 Nxe4 10. Nxe4 Bb6 11. Nc3 c6 12. Qg4 Ne5 13. Qxg7 Rf8 14. Ne4 f5
15. Qxe7+ Kxe7 16. Ng5 h6 17. Nf3 d6 18. b3 Nxf3+ 19. Bxf3 Be6 20. Bb2 Rg8 21.
d4 d5 22. Rfc1 Kd7 23. Rc2 Rg7 24. Bg2 Rag8 25. Rd1 Bc7 26. Bc1 h5 27. h4 Bd8
28. Bf3 Bxh4 29. Bxh5 f4 30. exf4 Bxg3 31. Kf1 Bh4 32. Be3 Bf5 33. Rcc1 Be7 34.
Ke2 Bd6 35. Bf3 Ba3 36. Rc3 Bb2 37. Rc5 b6 38. Rcc1 Bxc1 39. Rxc1 Rg1 40. Rxg1
Rxg1 41. Kd2 Kd6 42. Kc3 a5 43. a3 Rg8 44. b4 axb4+ 45. axb4 Ra8 46. Kb3 Ra1
47. Kb2 Rb1+ 48. Kc3 Ra1 49. Kb2 Ra8 50. Kb3 Rc8 51. Kc3 b5 52. Kb2 Rg8 53. Kc3
Ke6 54. Kd2 Bg4 55. Bg2 Kf6 56. Bf1 Bf3 57. Bh3 Bg4 58. Bf1 Rh8 59. Bd3 Bf3 60.
Kc3 Rh1 61. Kd2 Bg4 62. Kc3 Bf5 63. Be2 Bb1 64. Bg4 Bf5 65. Bf3 Rb1 66. Bh5 Bd7
67. Bf3 Ra1 68. Kb2 Ra7 69. Kb3 Bf5 70. Bh5 Rh7 71. Be2 Rh4 72. Kc3 Be4 73. Bf1
1/2-1/2

[Event "SR 3. liga A2 2013/2014"]
[Site "?"]
[Date "2013.12.15"]
[Round "5.6"]
[White "Vach, Jozef"]
[Black "Gono, Michal"]
[Result "0-1"]
[WhiteElo "1799"]
[BlackElo "1941"]
[PlyCount "66"]
[EventDate "2013.??.??"]

1. e4 c5 2. Nf3 a6 3. d4 cxd4 4. Nxd4 Nf6 5. Nc3 e5 6. Nf5 d5 7. Ng3 Bb4 8. Bd2
d4 9. Nb1 Bc5 10. Bd3 O-O 11. O-O Nc6 12. a3 Ng4 13. h3 Nf6 14. Bg5 h6 15. Bc1
Be6 16. Nd2 Rc8 17. Nf3 Ba7 18. b4 b5 19. Bd2 Bb6 20. Qe2 Qd6 21. Rfb1 Ne7 22.
Nh4 g5 23. Nhf5 Bxf5 24. Nxf5 Nxf5 25. exf5 Qd5 26. f3 Rfe8 27. Kh2 e4 28. fxe4
Nxe4 29. Bxe4 Rxe4 30. Qd3 Bc7+ 31. g3 Rce8 32. Rg1 Re2+ 33. Rg2 Qxg2# 0-1

[Event "SR 3. liga A2 2013/2014"]
[Site "?"]
[Date "2013.12.15"]
[Round "5.6"]
[White "Slaby, Jozef"]
[Black "Vogl, Zdenek"]
[Result "1-0"]
[WhiteElo "1874"]
[BlackElo "1899"]
[PlyCount "109"]
[EventDate "2013.??.??"]

1. c4 e5 2. Nc3 Nf6 3. d3 Bb4 4. Bd2 O-O 5. a3 Bxc3 6. Bxc3 d6 7. Qc2 Nc6 8.
Nf3 Bg4 9. h3 Bxf3 10. gxf3 Nd4 11. Qd1 a6 12. e3 Re8 13. Bd2 Ne6 14. Rg1 Qd7
15. Rc1 b5 16. Qc2 c5 17. Bg2 Rab8 18. b4 bxc4 19. dxc4 Rec8 20. Qf5 d5 21. Bf1
Qd6 22. Qxf6 Rd8 23. bxc5 Qxc5 24. Qxe5 Qxa3 25. Qc3 Rb3 26. Qa1 Qd6 27. Rd1 d4
28. f4 Re8 29. Qa4 Reb8 30. f5 Nc5 31. Qa1 Re8 32. Be2 Qh2 33. Rg4 Ne4 34. Rxe4
Qh1+ 35. Bf1 Qxe4 36. Be2 d3 37. Bf1 Qxc4 38. Rc1 Qb5 39. Qa5 Qb7 40. Qa4 Rb8
41. Qd4 Qb5 42. Bc3 Rxc3 43. Qxc3 Qxf5 44. Bxd3 Qxh3 45. Bxa6 h5 46. Bd3 h4 47.
Qc7 Rf8 48. Qf4 Rd8 49. Qe4 g6 50. Ke2 Qd7 51. Rd1 h3 52. Qh4 Ra8 53. Qg3 Ra3
54. Bc4 Qc8 55. Qxg6+ 1-0

[Event "SR 3. liga A2 2013/2014"]
[Site "?"]
[Date "2013.12.15"]
[Round "5.6"]
[White "Kubik, Peter"]
[Black "Curidlo, Jan"]
[Result "0-1"]
[WhiteElo "1824"]
[BlackElo "1852"]
[PlyCount "76"]
[EventDate "2013.??.??"]

1. e4 c5 2. Nf3 d6 3. d4 cxd4 4. Nxd4 Nf6 5. Nc3 a6 6. Bd3 e6 7. Be3 Be7 8. f4
Qc7 9. Qd2 b5 10. a3 Bb7 11. h4 Nbd7 12. Qe2 h5 13. f5 e5 14. Nf3 Ng4 15. Ng5
Ndf6 16. Rh3 O-O 17. Rg3 Rad8 18. Bf2 Rfe8 19. O-O-O d5 20. exd5 Bxa3 21. Nge4
Bf8 22. Nxf6+ Nxf6 23. Ne4 Nxe4 24. Bxe4 f6 25. Qxh5 Rc8 26. Qg6 Qf7 27. h5
Red8 28. h6 Qxg6 29. Rxg6 Rd7 30. g4 Rc4 31. Bd3 Ra4 32. Kb1 Bxd5 33. b3 Rf4
34. Bh4 Bf7 35. hxg7 Bxg7 36. Bg3 Rfd4 37. Bxe5 fxe5 38. Rxa6 e4 0-1

[Event "SR 3. liga A2 2013/2014"]
[Site "?"]
[Date "2014.01.05"]
[Round "6.1"]
[White "Zarecky, Eduard"]
[Black "Jozefek, Michal"]
[Result "0-1"]
[WhiteElo "1903"]
[BlackElo "2168"]
[PlyCount "70"]
[EventDate "2013.??.??"]

1. d4 Nf6 2. c4 e6 3. a3 c5 4. e3 b6 5. d5 exd5 6. cxd5 g6 7. Nh3 Bg7 8. Nc3
O-O 9. Bc4 d6 10. Nf4 Na6 11. O-O Nc7 12. Qc2 a6 13. a4 Rb8 14. e4 b5 15. axb5
axb5 16. Be2 Bd7 17. Be3 b4 18. Nd1 Ng4 19. h3 Nxe3 20. Nxe3 Bh6 21. Nd3 Nb5
22. Qd1 Qe7 23. Bg4 f5 24. exf5 gxf5 25. Re1 fxg4 26. Nxg4 Qg7 27. Nxh6+ Qxh6
28. Re7 Bxh3 29. gxh3 Qxh3 30. Re3 Qh4 31. Rg3+ Kh8 32. Qg4 Qxg4 33. Rxg4 Rf3
34. Nf4 Nd4 35. Ra7 Rxf4 0-1

[Event "SR 3. liga A2 2013/2014"]
[Site "?"]
[Date "2014.01.05"]
[Round "6.1"]
[White "Kapusta, Petr"]
[Black "Bango, Lukas"]
[Result "0-1"]
[WhiteElo "2139"]
[BlackElo "1781"]
[PlyCount "54"]
[EventDate "2013.??.??"]

1. e4 c5 2. Nf3 d6 3. d4 cxd4 4. Nxd4 Nf6 5. Nc3 g6 6. Be3 Bg7 7. f3 O-O 8. Qd2
Nc6 9. O-O-O d5 10. Nxc6 bxc6 11. exd5 Nxd5 12. Nxd5 cxd5 13. Qxd5 Qc7 14. Qc5
Qb7 15. b3 Bf5 16. Bd3 Rfc8 17. Qa3 a5 18. Bxf5 gxf5 19. Qa4 Qc7 20. c4 Qe5 21.
Bd4 Qf4+ 22. Kb1 Bxd4 23. Qd7 Bf6 24. Rd5 e6 25. Rxa5 Rxa5 26. Qxc8+ Kg7 27. a4
Qd2 0-1

[Event "SR 3. liga A2 2013/2014"]
[Site "?"]
[Date "2014.01.05"]
[Round "6.1"]
[White "Slobodnik, Michal"]
[Black "Londin, Martin"]
[Result "1-0"]
[WhiteElo "1891"]
[BlackElo "1960"]
[PlyCount "43"]
[EventDate "2013.??.??"]

1. d4 d5 2. e4 dxe4 3. Nc3 Nf6 4. Bc4 c6 5. Bg5 Nbd7 6. f3 Qa5 7. Qd2 exf3 8.
Nxf3 e6 9. O-O Bb4 10. Rae1 Bxc3 11. bxc3 Nd5 12. Ne5 Nxe5 13. Rxe5 Qxc3 14.
Rxd5 cxd5 15. Bb5+ Qc6 16. Bxc6+ bxc6 17. Qb4 f6 18. Rxf6 gxf6 19. Bxf6 Kf7 20.
Qe7+ Kg6 21. Qg7+ Kf5 22. Qg5+ 1-0

[Event "SR 3. liga A2 2013/2014"]
[Site "?"]
[Date "2014.01.05"]
[Round "6.1"]
[White "Kubis, Ivan"]
[Black "Lezovic, Maros"]
[Result "0-1"]
[WhiteElo "1992"]
[BlackElo "1790"]
[PlyCount "124"]
[EventDate "2013.??.??"]

1. e4 e5 2. Nf3 Nc6 3. Bb5 d6 4. O-O Nf6 5. Nc3 a6 6. Bxc6+ bxc6 7. d4 Bg4 8.
dxe5 Bxf3 9. Qxf3 dxe5 10. Bg5 Be7 11. Rad1 Qc8 12. h3 h6 13. Bh4 Qe6 14. Rd3
g5 15. Bg3 h5 16. Qf5 Qxf5 17. exf5 Nd7 18. Ne4 f6 19. f3 Rb8 20. b3 Nb6 21. c4
Kf7 22. Rfd1 a5 23. Bf2 Rhd8 24. Nc5 Rxd3 25. Rxd3 Bxc5 26. Bxc5 Ke8 27. Bxb6
Rxb6 28. Kf2 Ke7 29. Ke3 Rb8 30. g4 h4 31. Kd2 c5 32. Kc3 c6 33. Kb2 Rb7 34.
Ka3 Rb4 35. Rc3 Kd7 36. Rd3+ Kc7 37. Rd1 a4 38. Kb2 axb3 39. axb3 Rb8 40. Kc3
Ra8 41. Kb2 Ra7 42. Re1 Ra8 43. Rd1 Re8 44. Kc3 e4 45. fxe4 Rxe4 46. Rd3 Re1
47. Kd2 Rh1 48. Re3 Kb6 49. Ke2 Ka5 50. Kf2 Kb4 51. Kg2 Rb1 52. Re6 Rb2+ 53.
Kf1 Rxb3 54. Rxf6 Rxh3 55. Rxc6 Rg3 56. Rg6 Rxg4 57. f6 Kxc4 58. Ke2 h3 59. f7
Re4+ 60. Kd2 Rf4 61. Rxg5 Rxf7 62. Rg4+ Kb5 0-1

[Event "SR 3. liga A2 2013/2014"]
[Site "?"]
[Date "2014.01.05"]
[Round "6.1"]
[White "Rau, Vladimir"]
[Black "Vepy, Ivan"]
[Result "0-1"]
[WhiteElo "1637"]
[BlackElo "1926"]
[PlyCount "66"]
[EventDate "2013.??.??"]

1. d4 Nf6 2. c4 e6 3. Nc3 d5 4. e3 Be7 5. Nf3 O-O 6. Be2 b6 7. O-O Ba6 8. cxd5
Bxe2 9. Qxe2 exd5 10. b3 Nbd7 11. Bb2 Rc8 12. Nb5 c6 13. Nc3 h6 14. Rfd1 Re8
15. Rac1 Bd6 16. h3 Bb8 17. Ba3 Nh7 18. Qd3 Ng5 19. Qe2 Qf6 20. Nxg5 Qxg5 21.
Qf3 Re6 22. Nxd5 Rce8 23. Nf4 Bxf4 24. Qxf4 Qa5 25. Bd6 Rf6 26. Qg3 Ree6 27.
Rxc6 Qd5 28. Rc8+ Kh7 29. Bb8 Rg6 30. Qh2 Nxb8 31. Rxb8 Qf3 32. Rd2 Rc6 33. Qg3
Rxg3 0-1

[Event "SR 3. liga A2 2013/2014"]
[Site "?"]
[Date "2014.01.05"]
[Round "6.1"]
[White "Jarabek, Milan"]
[Black "Vagovic, Milan"]
[Result "1-0"]
[WhiteElo "1744"]
[BlackElo "1702"]
[PlyCount "111"]
[EventDate "2013.??.??"]

1. e4 c5 2. Nf3 Nc6 3. d4 cxd4 4. Nxd4 e5 5. Nb5 a6 6. Nd6+ Bxd6 7. Qxd6 Qe7 8.
Qxe7+ Ngxe7 9. Nc3 O-O 10. Be3 d6 11. O-O-O Rd8 12. Bb6 Be6 13. Bxd8 Rxd8 14.
Nd5 f5 15. Bc4 Bxd5 16. Bxd5+ Nxd5 17. Rxd5 Nb4 18. Rd2 Nxa2+ 19. Kb1 Nb4 20.
exf5 Kf7 21. Rhd1 Ke7 22. c3 Nc6 23. g4 h6 24. h4 Na5 25. g5 hxg5 26. hxg5 Nc4
27. Rd3 Rf8 28. b3 Na3+ 29. Kb2 Nb5 30. Rf3 Rf7 31. Rd5 Nc7 32. Rd1 Nb5 33. f6+
gxf6 34. gxf6+ Ke6 35. Rh1 e4 36. Rf4 Ke5 37. Rhh4 d5 38. c4 Nd6 39. cxd5 Kxd5
40. Rh6 Ke5 41. Rg4 Kf5 42. Rg7 Rxf6 43. Rxf6+ Kxf6 44. Rh7 Ke6 45. Kc3 Kd5 46.
Rh5+ Ke6 47. Kd4 Kf6 48. Rh6+ Ke7 49. Kd5 Nb5 50. Kxe4 Kd7 51. f4 Nc3+ 52. Ke5
Ne2 53. f5 Nc1 54. Rh7+ Ke8 55. Ke6 Kd8 56. Rxb7 1-0

[Event "SR 3. liga A2 2013/2014"]
[Site "?"]
[Date "2014.01.05"]
[Round "6.1"]
[White "Strecansky, Lukas"]
[Black "Hrubsa, Marian"]
[Result "0-1"]
[WhiteElo "1563"]
[BlackElo "1801"]
[PlyCount "50"]
[EventDate "2013.??.??"]

1. e4 e6 2. d4 d5 3. Nc3 Nf6 4. Bg5 Be7 5. e5 Nfd7 6. Bxe7 Qxe7 7. Qg4 O-O 8.
O-O-O a6 9. f4 f5 10. Qh5 c5 11. Nf3 cxd4 12. Nxd4 Nc6 13. Nf3 Nc5 14. h4 Bd7
15. Be2 h6 16. Qg6 Be8 17. Qg3 b5 18. Bd3 Ne4 19. Bxe4 fxe4 20. Nd4 Nxd4 21.
Rxd4 Qc5 22. Rhd1 Rc8 23. R1d2 b4 24. Nd1 Ba4 25. Qf2 Qa5 0-1

[Event "SR 3. liga A2 2013/2014"]
[Site "?"]
[Date "2014.01.05"]
[Round "6.1"]
[White "Vach, Jozef"]
[Black "Rusnacik, Milan"]
[Result "1-0"]
[WhiteElo "1799"]
[BlackElo "1319"]
[PlyCount "107"]
[EventDate "2013.??.??"]

1. d4 Nf6 2. c4 e6 3. Nf3 d5 4. Nc3 Be7 5. Bg5 c5 6. e3 Nc6 7. Bd3 O-O 8. O-O
cxd4 9. exd4 Nb4 10. Be2 Bd7 11. a3 Nc6 12. Bxf6 Bxf6 13. cxd5 exd5 14. Nxd5
Be6 15. Nxf6+ Qxf6 16. Bb5 Bd5 17. Bxc6 Bxc6 18. Ne5 Bd5 19. Qd2 Rfd8 20. Rac1
Qe7 21. f4 f6 22. Nf3 Rd7 23. Rc3 Rad8 24. Re1 Qf7 25. Nh4 Bc6 26. Nf5 Kf8 27.
Rce3 Qg6 28. Ne7 Rxe7 29. Rxe7 Rxd4 30. Qf2 Rd5 31. R7e2 a6 32. Qa7 Qd3 33.
Qb8+ Rd8 34. Qc7 Qd5 35. Qe7+ Kg8 36. Qe6+ Qxe6 37. Rxe6 Kf8 38. Kf2 Rd2+ 39.
R1e2 Rd3 40. Rc2 Kf7 41. Re1 Rb3 42. g3 Rf3+ 43. Ke2 Rb3 44. Kd2 h5 45. Re3 Rb5
46. b4 f5 47. Rc5 Rxc5 48. bxc5 Be4 49. Kc3 Ke7 50. Kd4 Kf6 51. Rxe4 fxe4 52.
Kxe4 g6 53. h3 Ke6 54. g4 1-0

[Event "SR 3. liga A2 2013/2014"]
[Site "?"]
[Date "2014.01.05"]
[Round "6.2"]
[White "Liptak, Tomas"]
[Black "Abel, Peter"]
[Result "1-0"]
[WhiteElo "2108"]
[BlackElo "2188"]
[PlyCount "102"]
[EventDate "2013.??.??"]

1. e4 Nf6 2. e5 Nd5 3. d4 d6 4. Nf3 Bg4 5. Be2 c6 6. O-O Bxf3 7. Bxf3 dxe5 8.
dxe5 e6 9. Qe2 Nd7 10. c4 Ne7 11. Bd2 Ng6 12. Bc3 Qc7 13. Re1 Nc5 14. b4 Na4
15. Bd2 Rd8 16. a3 Be7 17. Ra2 Nb6 18. g3 Qd7 19. c5 Nd5 20. h4 Qc7 21. Rc2 Nf8
22. Bg2 h6 23. h5 g6 24. hxg6 fxg6 25. Bh3 h5 26. f4 Kd7 27. a4 Kc8 28. Na3 h4
29. g4 a5 30. b5 Nd7 31. bxc6 Qxc6 32. Nb5 Bxc5+ 33. Kh2 Kb8 34. Rec1 b6 35.
Bg2 Rc8 36. Qe4 h3 37. Bh1 Rhd8 38. Nd4 Qxa4 39. Rc4 Qa2 40. R1c2 Qa1 41. Rc1
Qa2 42. R4c2 Qa3 43. Nxe6 Bf2 44. Rc3 Qa2 45. Qxd5 Qxd5 46. Bxd5 Nxe5 47. Nxd8
Nxg4+ 48. Kh1 Rxd8 49. Bf3 Nh6 50. Be3 Bxe3 51. Rxe3 Nf5 1-0

[Event "SR 3. liga A2 2013/2014"]
[Site "?"]
[Date "2014.01.05"]
[Round "6.2"]
[White "Mihalik, Marek"]
[Black "Liptak, Dusan"]
[Result "0-1"]
[WhiteElo "2031"]
[BlackElo "2108"]
[PlyCount "76"]
[EventDate "2013.??.??"]

1. d4 f5 2. g3 g6 3. Bg2 Nf6 4. Nf3 Bg7 5. O-O O-O 6. e3 d6 7. Nbd2 Nc6 8. Qe2
e5 9. dxe5 dxe5 10. e4 f4 11. c3 Nh5 12. Ne1 Kh8 13. Nd3 Qe7 14. b4 Rd8 15. Nc5
a5 16. Qc4 axb4 17. cxb4 Rd4 18. Qc3 Rxb4 19. a3 Rb5 20. Nd3 Nd4 21. Re1 Be6
22. Nf3 Rb3 23. Qd2 Rd8 24. Nxd4 Rxd4 25. Bf1 Qd6 26. Qa5 b6 27. Qa8+ Qd8 28.
Qxd8+ Rxd8 29. Nb2 Rd4 30. a4 Bf8 31. a5 bxa5 32. Rxa5 Bb4 33. Ra8+ Kg7 34. Rd1
Rxd1 35. Nxd1 Rb1 36. Bb2 Rxd1 37. Bxe5+ Kf7 38. Kg2 f3+ 0-1

[Event "SR 3. liga A2 2013/2014"]
[Site "?"]
[Date "2014.01.05"]
[Round "6.2"]
[White "Kovacocy, Pavel"]
[Black "Stepanovic, Branislav"]
[Result "1-0"]
[WhiteElo "2198"]
[BlackElo "1999"]
[PlyCount "69"]
[EventDate "2013.??.??"]

1. e4 c5 2. Nf3 d6 3. d3 Nc6 4. g3 g6 5. Bg2 Bg7 6. O-O Nf6 7. Nbd2 Bg4 8. h3
Be6 9. c3 Qb6 10. Ng5 Bd7 11. Nc4 Qc7 12. Re1 h6 13. Nf3 d5 14. Bf4 Qd8 15.
exd5 Nxd5 16. Nfe5 Be6 17. Nxg6 fxg6 18. Rxe6 Nxf4 19. gxf4 O-O 20. Rxg6 Rxf4
21. Qh5 Qxd3 22. Qxh6 Rf7 23. Qg5 Rd8 24. Ne3 Rd6 25. Rxd6 Qxd6 26. Nf5 Qe6 27.
Bd5 Qxd5 28. Nh6+ Kf8 29. Qxd5 Bxh6 30. Qe6 Rf6 31. Qc8+ Kf7 32. Re1 Bf4 33.
Qxb7 Rg6+ 34. Kf1 Nd8 35. Qxe7+ 1-0

[Event "SR 3. liga A2 2013/2014"]
[Site "?"]
[Date "2014.01.05"]
[Round "6.2"]
[White "Sarmir, Milos"]
[Black "Bincik, Pavol"]
[Result "1-0"]
[WhiteElo "2075"]
[BlackElo "1952"]
[PlyCount "97"]
[EventDate "2013.??.??"]

1. Nf3 c6 2. e4 d5 3. exd5 cxd5 4. d4 Nc6 5. Bd3 Bg4 6. c3 e6 7. O-O Nf6 8. Bg5
Be7 9. Nbd2 O-O 10. Qc2 h6 11. Bh4 Rc8 12. a3 Qc7 13. h3 Bxf3 14. Nxf3 Nh5 15.
Bxe7 Qxe7 16. Qd2 Na5 17. Rae1 Nc4 18. Bxc4 Rxc4 19. Ne5 Rc7 20. g4 Nf6 21. Qf4
g5 22. Qe3 Qd6 23. h4 Nh7 24. Kg2 f6 25. Ng6 Re8 26. hxg5 hxg5 27. Rh1 Rg7 28.
Rh6 Kf7 29. Reh1 Nf8 30. Ne5+ Ke7 31. Qf3 Nd7 32. Nxd7 Qxd7 33. Qxf6+ Kd6 34.
Qe5+ Kc6 35. c4 b6 36. Rc1 Kb7 37. c5 Qc7 38. c6+ Kb8 39. Rxe6 Qxe5 40. Rxe5
Rxe5 41. dxe5 Re7 42. Re1 Kc7 43. f4 gxf4 44. Kf3 Kxc6 45. Kxf4 Kd7 46. e6+ Kd6
47. Kf5 d4 48. g5 d3 49. Re3 1-0

[Event "SR 3. liga A2 2013/2014"]
[Site "?"]
[Date "2014.01.05"]
[Round "6.2"]
[White "Mihalik, Anton"]
[Black "Markuliak, Mario"]
[Result "1-0"]
[WhiteElo "1942"]
[BlackElo "1819"]
[PlyCount "103"]
[EventDate "2013.??.??"]

1. c4 d6 2. Nc3 Nd7 3. g3 Ngf6 4. Bg2 e5 5. e4 Be7 6. Nge2 c6 7. O-O Qc7 8. d4
O-O 9. h3 a5 10. Be3 exd4 11. Nxd4 Re8 12. Rc1 Bf8 13. Qc2 Nc5 14. Rfd1 Be6 15.
Nxe6 Rxe6 16. Kh2 Rae8 17. f3 Nh5 18. Qf2 f5 19. Bxc5 dxc5 20. exf5 Rf6 21. Re1
Rxe1 22. Rxe1 Bd6 23. Ne4 Rxf5 24. Nxd6 Qxd6 25. Re4 Rg5 26. Rg4 Rxg4 27. hxg4
Nf6 28. Qe1 Qd8 29. Qe5 Nd7 30. Qd6 Kf7 31. f4 Qe7 32. Qd3 Nf6 33. Bf3 Qe1 34.
Kg2 h6 35. g5 hxg5 36. fxg5 Ne8 37. Qf5+ Ke7 38. Qxc5+ Nd6 39. Qd4 Nf5 40. Qf4
Ne3+ 41. Kh3 Qf1+ 42. Kh4 Qxc4 43. Be4 Qd4 44. Kh5 Nd5 45. Bxd5 Qxd5 46. Kg6
Qxa2 47. Qe5+ Kd7 48. Kxg7 a4 49. Qf5+ Kd6 50. Qf8+ Ke5 51. Qf4+ Kd5 52. Qf7+
1-0

[Event "SR 3. liga A2 2013/2014"]
[Site "?"]
[Date "2014.01.05"]
[Round "6.2"]
[White "Vlkovic, Pavol"]
[Black "Gono, Michal"]
[Result "1/2-1/2"]
[WhiteElo "1819"]
[BlackElo "1941"]
[PlyCount "92"]
[EventDate "2013.??.??"]

1. e4 d5 2. exd5 Nf6 3. d4 Nxd5 4. Nf3 Bf5 5. a3 e6 6. Be2 Nd7 7. c4 N5b6 8.
Nc3 a6 9. O-O c5 10. Be3 Rc8 11. dxc5 Bxc5 12. Bxc5 Nxc5 13. Qxd8+ Rxd8 14.
Rad1 O-O 15. Nd4 Bg6 16. b4 Ne4 17. Nxe4 Bxe4 18. f3 Bg6 19. f4 Be4 20. Rd2 Na4
21. Bf3 Bxf3 22. Rxf3 Rd7 23. Rff2 Nc3 24. Nb3 Rc7 25. Rd4 Rfc8 26. Rfd2 g6 27.
Rd8+ Rxd8 28. Rxd8+ Kg7 29. g3 Rxc4 30. Nc5 a5 31. Rc8 Kh6 32. Rc7 axb4 33.
axb4 Rxb4 34. Nxb7 Rb1+ 35. Kg2 Rb2+ 36. Kh3 Ne2 37. Rxf7 Ng1+ 38. Kg4 e5 39.
Nd8 exf4 40. Rxf4 Rxh2 41. Ne6 Re2 42. Ng5 Re7 43. Rf1 Ne2 44. Rh1+ Kg7 45.
Rxh7+ Kf8 46. Rxe7 Kxe7 1/2-1/2

[Event "SR 3. liga A2 2013/2014"]
[Site "?"]
[Date "2014.01.05"]
[Round "6.2"]
[White "Curidlo, Jan"]
[Black "Hornak, Pavol"]
[Result "1-0"]
[WhiteElo "1852"]
[BlackElo "1750"]
[PlyCount "145"]
[EventDate "2013.??.??"]

1. e4 c5 2. Nf3 e6 3. d4 cxd4 4. Nxd4 a6 5. Be2 Nc6 6. O-O Nf6 7. Bg5 Be7 8.
Nc3 O-O 9. a3 d6 10. Be3 Bd7 11. Kh1 Nxd4 12. Bxd4 e5 13. Be3 Bc6 14. Bf3 Qc7
15. Nd5 Bxd5 16. exd5 Rac8 17. Rc1 b5 18. Qd2 Qb7 19. Rfd1 Nd7 20. Be2 Nb6 21.
b3 Nd7 22. f3 Nc5 23. Qb4 Qd7 24. Qe1 Rc7 25. Qf2 Rfc8 26. Bxc5 Rxc5 27. c4
bxc4 28. Bxc4 a5 29. Qe2 Bg5 30. Rc2 g6 31. Rb1 Qc7 32. Rbb2 f5 33. Bd3 Qe7 34.
Rxc5 Rxc5 35. Rc2 Qc7 36. g3 Rxc2 37. Qxc2 Qxc2 38. Bxc2 Be3 39. Kg2 Kg7 40.
Kf1 Kf6 41. b4 axb4 42. axb4 h6 43. Ke2 f4 44. g4 h5 45. h3 hxg4 46. hxg4 g5
47. Kd3 Ke7 48. Kc4 Kd7 49. Bf5+ Kc7 50. Kb5 Bd4 51. Bc2 Be3 52. Kc4 Kd8 53.
Bf5 Kc7 54. Kd3 Bf2 55. Ke4 Bh4 56. Bg6 Kd7 57. Kf5 Kc7 58. Be8 Kb6 59. Ba4 Kc7
60. b5 Kb6 61. Ke6 Kc5 62. b6 Kxb6 63. Kxd6 e4 64. fxe4 f3 65. Bd1 Bg3+ 66. Ke6
f2 67. Be2 Kc7 68. e5 Kd8 69. d6 Ke8 70. Kd5 Kd7 71. e6+ Kd8 72. e7+ Ke8 73.
Bb5+ 1-0

[Event "SR 3. liga A2 2013/2014"]
[Site "?"]
[Date "2014.01.05"]
[Round "6.3"]
[White "Veselsky, Jozef"]
[Black "Gasa, Andrej"]
[Result "0-1"]
[WhiteElo "2160"]
[BlackElo "2308"]
[PlyCount "132"]
[EventDate "2013.??.??"]

1. d4 Nf6 2. Nf3 e6 3. e3 b6 4. Bd3 Bb7 5. Nbd2 d5 6. O-O Be7 7. Qe2 O-O 8. c3
Ne4 9. Ne5 f6 10. Nef3 a5 11. Ne1 f5 12. f3 Nd6 13. f4 Nd7 14. Nef3 Ne4 15. Ne5
Nxe5 16. fxe5 c5 17. Nf3 c4 18. Bc2 b5 19. Bd2 Bc6 20. Kh1 b4 21. Bxe4 dxe4 22.
Ng1 Bd5 23. Nh3 g5 24. Qh5 Qe8 25. Qxe8 Raxe8 26. Ng1 Kg7 27. Ne2 Rb8 28. Rfb1
Rb7 29. Kg1 Rfb8 30. Rd1 Kg6 31. g3 b3 32. a3 Rg8 33. Kf2 Bf8 34. Rg1 h6 35. h3
Kh7 36. Rh1 Rf7 37. h4 Kg6 38. Rag1 Be7 39. Be1 Rfg7 40. hxg5 hxg5 41. Rh2 Rh7
42. Rxh7 Kxh7 43. g4 fxg4 44. Rxg4 Rb8 45. Rg1 Kh6 46. Rh1+ Kg6 47. Rg1 Rh8 48.
Nf4+ Kf5 49. Nxd5 exd5 50. Kg3 a4 51. Rf1+ Kg6 52. Kg2 Rb8 53. Bd2 g4 54. Kg3
Kg5 55. Bc1 Rf8 56. Rf4 Rxf4 57. exf4+ Kf5 58. Kg2 e3 59. Bxe3 Bxa3 60. Bc1 Bf8
61. Kg3 Bh6 62. e6 Bf8 63. Kh4 Be7+ 64. Kg3 Bd6 65. Kh4 Be7+ 66. Kg3 Bf6 0-1

[Event "SR 3. liga A2 2013/2014"]
[Site "?"]
[Date "2014.01.05"]
[Round "6.3"]
[White "Sebesta, Radovan"]
[Black "Pribila, Gerhard"]
[Result "1/2-1/2"]
[WhiteElo "2035"]
[BlackElo "2076"]
[PlyCount "24"]
[EventDate "2013.??.??"]

1. d4 d5 2. c4 c6 3. Nf3 Nf6 4. e3 a6 5. Nc3 Bg4 6. h3 Bxf3 7. Qxf3 e6 8. Bd3
Be7 9. O-O O-O 10. b3 Nbd7 11. cxd5 cxd5 12. Bb2 b5 1/2-1/2

[Event "SR 3. liga A2 2013/2014"]
[Site "?"]
[Date "2014.01.05"]
[Round "6.3"]
[White "Ambros, Rafael"]
[Black "Gasa, Patrik"]
[Result "1/2-1/2"]
[WhiteElo "2009"]
[BlackElo "1956"]
[PlyCount "36"]
[EventDate "2013.??.??"]

1. e4 c5 2. c3 Nf6 3. e5 Nd5 4. Nf3 Nc6 5. Bc4 e6 6. d4 cxd4 7. cxd4 d6 8. O-O
Be7 9. Qe2 O-O 10. Qe4 Re8 11. a3 Na5 12. Ba2 b5 13. exd6 Qxd6 14. b4 Nc4 15.
Ne5 Ncb6 16. Nf3 Bf6 17. Re1 Bb7 18. Qe2 a6 1/2-1/2